|
|
|
|
| LEADER |
00000nab a2200000 a 4500 |
| 001 |
vtls000771100 |
| 003 |
SK-MaSNL |
| 005 |
20260304112205.0 |
| 008 |
250429c2001 xo 0 slo |
| 015 |
|
|
|a SNBRB2001/10-27881
|
| 035 |
|
|
|a CLN000122887
|
| 035 |
|
|
|a urn:nbn:sk:snk-ab6nye
|
| 035 |
|
|
|a (uuid)e8e25fec-3b9d-436f-8b76-71f264ce2dda
|
| 035 |
|
|
|a (urnnbn)urn:nbn:sk:snk:ar-005nzt
|
| 035 |
|
|
|a (sysno)vtls000771100
|
| 040 |
|
|
|a SNKBUCL
|b slo
|c SNKBUCL
|e AACR2
|
| 041 |
0 |
|
|a slo
|
| 044 |
|
|
|a xo
|c SK
|
| 080 |
|
|
|a 621.791:061.231(100)
|2 1997
|
| 100 |
1 |
|
|a Polák, Peter,
|d 1944-
|4 aut
|
| 245 |
1 |
0 |
|a IIW - svetové centrum zváračských odborníkov
|b význam a aktivity Medzinárodného zváračského inštitútu IIW
|c Peter Polák
|
| 300 |
|
|
|b Tab.
|
| 504 |
|
|
|a Res. slov.
|
| 610 |
2 |
7 |
|a Medzinárodný zváračský inštitút
|2 snkbucl
|9 21630
|
| 655 |
|
7 |
|a články z novín a časopisov
|2 snkbucl
|9 267496
|
| 773 |
0 |
|
|t Zváranie = Svařování
|g Roč. 50, č. 5-6 (2001), s. 126-127
|x 0044-5525
|
| 850 |
|
|
|a Slovenská národná knižnica
|
| 852 |
|
|
|a Slovenská národná knižnica
|
| 954 |
|
|
|a odborná, vedecká literatúra pôvodná (slovenská)
|2 lita
|
| 958 |
|
|
|a article
|
| 958 |
|
|
|a OND
|
| 958 |
|
|
|a EUIPO
|
| 992 |
|
|
|a RBX
|
| 999 |
|
|
|c 2864549
|d 2866479
|